Z kim nagrywał lord kruszwil? Dla Ignacego - Statystyki

Ogólne statystyki
  • Ten quiz został rozwiązany 900 razy
  • Średni wynik to 6 z 22
Statystyki odpowiedzi
. Youtuberzy % Poprawnych
6 Kamerzysta
92%
7 stuu
71%
3 Friz
62%
15 Gimper (lekko nie będzie)
52%
21 Mniej więcej
49%
14 tomek olejnik
38%
11 Boxdel
35%
2 Theunboxall
27%
12 Deejaypallaside
21%
9 Medusa
21%
4 klaudusiek
20%
10 Marcin malczyński
15%
5 Czuux
14%
19 Dominik łupicki
12%
16 Danny ferreri
11%
8 Z dvpy
10%
22 Macios
4%
1 Ravgor
3%
17 polish sausage
1%
20 Wyzwani
1%
18 AniMATOR
0%
13 Szmalu
0%
Nie znaleziono quizów pasujących do podanych kryteriów
Rozkład punktacji
Procent ludzi z każdym wynikiem
Percentyl według liczby udzielonych odpowiedzi
Twoja historia wyników
Nie rozwiązałeś tego quizu